|
|
|
|
| LEADER |
00000cam a2200000 a 4500 |
| 001 |
vtls001106102 |
| 003 |
SK-MaSNL |
| 005 |
20260301233214.0 |
| 008 |
210928s1977 xo gr 0000f slo |
| 015 |
|
|
|a SNBA1977
|
| 020 |
|
|
|c (50000 výtl.)
|
| 035 |
|
|
|a SNK000048944
|
| 040 |
|
|
|a SNK
|b slo
|c SNK
|e AACR2
|
| 041 |
1 |
|
|a slo
|h fre
|
| 044 |
|
|
|a xo
|c SK
|
| 080 |
|
|
|a 821.133.1-3
|2 2001
|
| 100 |
0 |
|
|a Stendhal,
|d 1783-1842
|4 aut
|9 98258
|
| 240 |
1 |
3 |
|a Le Rouge et le Noir
|l Slovensky
|
| 245 |
1 |
0 |
|a Červený a čierny
|c Stendhal ; preložil Vladimír Reisel
|
| 250 |
|
|
|a 5. vyd.
|
| 260 |
|
|
|a Bratislava
|b Tatran
|c 1977
|e Bratislava
|f Pravda
|
| 300 |
|
|
|a 463 s., 30,56 AH
|c 20 cm
|
| 490 |
1 |
|
|a Zlatý fond svetovej literatúry
|v Zv. 7.
|
| 500 |
|
|
|a Séria: Stendhal. Zv. 2. Vl. m. aut.: Henri Beyle. Tit. dvojlist. V tomto výbere 1. vyd. Cena za 1.-4. zv. 115 Kčs.
|
| 655 |
|
7 |
|a spoločenské romány
|2 SNKPH
|9 70538
|
| 655 |
|
7 |
|a francúzske romány
|2 SNKPH
|9 70252
|
| 655 |
|
7 |
|a ľúbostné romány
|2 SNKPH
|9 70497
|
| 700 |
1 |
|
|a Reisel, Vladimír,
|d 1919-2007
|4 trl
|9 108091
|
| 700 |
1 |
|
|a Hrach, Pavel,
|d 1947-
|4 bkd
|9 121443
|
| 700 |
1 |
|
|a Bártová, Miroslava,
|d 1917-2002
|4 oth
|9 203682
|
| 830 |
|
0 |
|a Zlatý fond svetovej literatúry
|9 278528
|
| 958 |
|
|
|a TL
|
| 958 |
|
|
|a UP
|
| 958 |
|
|
|a OND
|
| 999 |
|
|
|c 965021
|d 966951
|
| 952 |
|
|
|t P60, <05>, [BOOK], {605}
|a SNK
|b SNK
|y PREZ
|7 0
|p 17A0140395
|o snkSC 41432 D1
|0 0
|1 0
|4 0
|d 1998-05-14
|l 0
|r 2004-12-31 00:00:00
|w 2026-02-24
|
| 952 |
|
|
|a SNK
|b SNK
|y PREZ
|7 0
|p 17A0944230
|o snkSC 41432
|0 0
|1 0
|4 0
|d 2013-08-16
|l 0
|r 2025-10-17 00:00:00
|w 2026-02-24
|